Business law (Record no. 103177)

MARC details
000 -LEADER
fixed length control field 01075cam a2200265 4500
008 - FIXED-LENGTH DATA ELEMENTS--GENERAL INFORMATION
fixed length control field 031103n2002 000 0 eng u
020 ## - INTERNATIONAL STANDARD BOOK NUMBER
International Standard Book Number 0748766472
035 ## - SYSTEM CONTROL NUMBER
System control number (Sirsi) u124218
041 ## - LANGUAGE CODE
Language code of text/sound track or separate title eng
050 ## - LIBRARY OF CONGRESS CALL NUMBER
Classification number 346.41066
-- 18
100 ## - MAIN ENTRY--PERSONAL NAME
Personal name Marsh
-- . B.
245 ## - TITLE STATEMENT
Title Business law
250 ## - EDITION STATEMENT
Edition statement 8th ed.
260 ## - PUBLICATION, DISTRIBUTION, ETC.
Place of publication, distribution, etc. Cheltenham
Name of publisher, distributor, etc. Nelson Thornes
Date of publication, distribution, etc. 2002
300 ## - PHYSICAL DESCRIPTION
Extent xix, 355p
Dimensions 25cm.
350 ## - PRICE (NR) (BK AM CF MU VM SE) [OBSOLETE]
Price 21
520 ## - SUMMARY, ETC.
Summary, etc. Aimed primarily at students, this text offers a sound, clear approach to the wide spectrum of legal subjects connected with business law. Fully updated to include sections reflecting changes in courts and court proceedings; changes in tort and contract law, including recent negligence cases; changes in business associations, including the Limited Liability Partnership Act 2000; EU law and cases on employment law. Tables of cases and statutes.
650 ## - SUBJECT ADDED ENTRY--TOPICAL TERM
Topical term or geographic name entry element BUSINESS LAW
650 ## - SUBJECT ADDED ENTRY--TOPICAL TERM
Topical term or geographic name entry element COMPANY LAW
650 ## - SUBJECT ADDED ENTRY--TOPICAL TERM
Topical term or geographic name entry element EMPLOYMENT LAW
650 ## - SUBJECT ADDED ENTRY--TOPICAL TERM
Topical term or geographic name entry element SALE OF GOODS
690 ## - LOCAL SUBJECT ADDED ENTRY--TOPICAL TERM (OCLC, RLIN)
Topical term or geographic name as entry element MANAGEMENT-BUSINESS MANAGEMENT
700 ## - ADDED ENTRY--PERSONAL NAME
Personal name Soulsby, J.
942 ## - ADDED ENTRY ELEMENTS (KOHA)
Suppress in OPAC 0
Holdings
Withdrawn status Lost status Source of classification or shelving scheme Damaged status Not for loan Home library Current library Shelving location Date acquired Cost, normal purchase price Total Checkouts Full call number Barcode Date last seen Date last checked out Copy number Cost, replacement price Price effective from Koha item type
    Other/Generic Classification Scheme     London London Books 11/12/2003 21.00 9 346.41066 MAR 30068892 06/08/2019 10/12/2008 1 21.00 06/08/2019 Book